2022 Champions League Final Liverpool - Real Madrid - Statistics

General Stats
  • This quiz has been taken 5,886 times
  • The average score is 25 of 30
Answer Stats
Player % Correct
Mohamed Salah
98%
Alisson
97%
Virgil van Dijk
97%
Karim Benzema
96%
Trent Alexander-Arnold
96%
Vinícius Júnior ¹
96%
Luka Modrić
94%
Sadio Mané
94%
Thibaut Courtois
94%
Andrew Robertson
93%
Toni Kroos
93%
Dani Carvajal
92%
Jürgen Klopp
89%
Carlo Ancelotti
86%
Casemiro
86%
Rodrygo
86%
Jordan Henderson
85%
Ferland Mendy
84%
Éder Militão
83%
Roberto Firmino
82%
Ibrahima Konaté
81%
David Alaba
80%
Fabinho
79%
Luis Díaz
74%
Federico Valverde
73%
Thiago Alcântara
64%
Diogo Jota
57%
Eduardo Camavinga
57%
Naby Keïta
41%
Dani Ceballos
33%
No matching quizzes found
Score Distribution
Percent of People with Each Score
Percentile by Number Answered
Your Score History
You have not taken this quiz